[Event "Graz Open 2018"]
[Site "Graz"]
[Date "2018.02.21"]
[Round "7"]
[White "Istratescu, Andrei"]
[Black "Almasi, Istvan"]
[Result "1-0"]
[WhiteElo "2595"]
[BlackElo "2407"]
[Annotator "TA"]
[PlyCount "113"]
[EventDate "2018.??.??"]
[EventType "swiss"]
[EventCountry "AUT"]
[SourceTitle "playchess.com"]
[Source "ChessBase"]
[SourceQuality "1"]

{[%evp 21,113,0,5,0,54,71,61,22,36,45,45,54,70,63,95,25,70,77,90,91,129,118,135,128,133,75,67,76,247,242,244,271,251,252,287,175,168,162,289,148,508,509,497,491,528,526,514,462,706,698,617,312,620,442,1183,1114,791,580,490,433,427,391,887,901,832,852,795,756,972,949,844,748,1030,1015,1005,1005,29960,12257,29968,29969,29974,1149,29976,29977,29979,29980,29980,29977,29978,29978,29984,29981,29981,29982]} 1. e4 g6 2. d4 Bg7 3. c4 d6 4. Nc3 Nf6 5. Nf3 O-O 6. h3 e5 7. d5 Nh5 8. g3 {E90: King's Indian: Classical: Early deviations and 6 h3} f5 9. exf5 gxf5 10. Nh4 Nf4 11. gxf4 Qxh4 {LiveBook: 3 Games} 12. fxe5 $146 ({Predecessor:} 12. Rg1 e4 13. Be3 Na6 14. Bd4 Rf7 15. Qd2 Kf8 16. Bxg7+ Rxg7 17. Rxg7 Kxg7 {1-0 (71) Yu,Y (2750)-Zeng,C (2536) China 2017}) 12... dxe5 (12... Nd7 $1 $11 13. Qf3 Nxe5) 13. Rg1 $14 f4 14. Qf3 Bf5 15. Ne4 Nd7 16. Bd2 ({Don't play} 16. Qg2 Bg6 $11) 16... Nf6 17. Qg2 $40 {[%csl Gg1][%cal Rg2g7][%mdl 128] White has some attack.} Bg6 18. Qg5 ({White should play} 18. Ng5 $1 $16) 18... Qxg5 19. Nxg5 Bf5 20. Bc3 Rfe8 {[#]} 21. O-O-O $1 Ne4 22. Nxe4 Bxe4 23. Re1 (23. h4 $142) 23... Bg6 $16 24. h4 c6 $2 {[#]} (24... Kf7 $16 {is a better defense.}) 25. Bh3 $1 $18 cxd5 26. cxd5 Kh8 27. Be6 Re7 28. Bxe5 Bxe5 29. Rxe5 Rc8+ (29... Bf7 $142 30. Rg4 Rae8 31. Rxf4 Bxe6) 30. Kd1 (30. Bxc8 $18 Rxe5 31. Bxb7) 30... Rc4 $2 {[%mdl 8192]} (30... Bf7 $16 {is a better chance.} 31. Rg4 (31. Bxc8 Rxe5 32. Bxb7 Bxd5 $16) 31... Bxe6 32. dxe6 (32. Rxe6 Rxe6 33. dxe6 Rc7 $16) 32... Rf8) 31. h5 Rd4+ 32. Ke2 Bf7 33. Kf3 {Bxf7 is the strong threat.} h6 34. Rg4 Rd3+ (34... Rd2 $142 35. Rxf4 Bxe6) 35. Ke4 Rd2 36. Rxf4 Bxe6 $2 (36... Kg7 37. Rg4+ Kf8) 37. Rxe6 {[%mdl 4096] Endgame KRR-KRR} Re2+ (37... Rd7 $142 38. Rxh6+ Kg7) 38. Kf5 {Strongly threatening Kf6.} Rf7+ 39. Rf6 Kg7 40. Rxf7+ Kxf7 {KR-KR} 41. Rb4 Rxf2+ $2 (41... b6 42. f4 Rd2) 42. Ke5 Re2+ 43. Kd6 b6 44. a4 Rh2 45. Rf4+ Ke8 46. Re4+ Kd8 47. Re7 Rxb2 48. Rxa7 {[%cal Ra7a8]} Kc8 49. Rh7 Rb4 50. Rxh6 Rxa4 51. Rh8+ Kb7 52. h6 {[%cal Bh5h6,Bh6h7][%mdl 32] White mates.} Rc4 53. h7 Rh4 54. Ke5 Rh5+ 55. Kf6 b5 56. Kg6 Rh1 57. Rg8 {Precision: White = 59%, Black = 33%.} 1-0

[Event "Graz Open 2018"]
[Site "Graz"]
[Date "2018.02.21"]
[Round "7"]
[White "Nevednichy, Vladislav"]
[Black "Freitag, Manfred"]
[Result "1-0"]
[WhiteElo "2551"]
[BlackElo "2382"]
[Annotator "TA"]
[PlyCount "105"]
[EventDate "2018.??.??"]
[EventType "swiss"]
[EventCountry "AUT"]
[SourceTitle "playchess.com"]
[Source "ChessBase"]
[SourceQuality "1"]

{[%evp 19,105,15,13,21,21,14,16,24,15,26,26,18,18,14,22,7,43,8,27,17,18,14,14,16,16,14,14,16,10,8,14,6,35,29,31,22,14,10,14,12,10,14,10,10,12,10,54,56,62,37,110,32,32,22,22,22,21,21,22,27,37,24,62,30,94,93,97,93,81,87,103,72,116,62,89,93,112,23,148,136,187,184,169,181,200,183,177,185]} 1. e4 c5 2. Nf3 d6 3. Bb5+ Nd7 4. d4 Ngf6 5. O-O cxd4 6. Qxd4 e5 7. Qd3 Be7 8. Nc3 O-O 9. Be3 Qc7 10. Bc4 a6 11. a4 {B90: Sizilianisch (Najdorf-Variante, Abweichungen)} Nc5 12. Bxc5 $1 Qxc5 13. Nd5 {Die Stellung ist ausgeglichen.} Nxd5 14. Bxd5 Rb8 15. c3 $146 ({Vorgänger:} 15. Rfd1 Bd7 16. b3 {1-0 (59) Woznica,M (2352)-Warzecha,H (2234) GER email 2014}) 15... Be6 16. Rfd1 Rfc8 17. a5 b5 18. axb6 {Und weiter mit b7 wäre nett.} Rxb6 19. Bxe6 fxe6 20. Ra2 Qc4 21. Qxc4 Rxc4 22. Nd2 Rc5 23. Kf1 d5 24. Ke2 a5 25. Kd3 Bg5 26. Nf3 Bf6 27. Re1 d4 28. Nd2 dxc3 29. bxc3 Rd6+ 30. Kc2 $1 Rdc6 31. Ra3 Be7 32. Rb1 Ra6 33. Ra4 Rac6 34. Rb3 Bg5 (34... Kf7 $14) 35. Nb1 (35. Nf3 $16 Bf6 36. Ne1) 35... Bd8 $14 36. Rb8 Rc8 37. Rxc8 Rxc8 $11 {[%mdl 4096] Endspiel KTL-KTS} 38. Nd2 Kf7 39. Nc4 {zielt auf Sd6+ ab.} Kf6 40. Kd3 Rc5 41. Ra2 Bc7 (41... Rc7 $11 {bleibt in der Remisbreite.}) 42. Rb2 $16 Ke7 43. Rb7 Kd7 44. Ra7 Rb5 45. h4 h5 46. g3 ({Lieber} 46. Kc2 $16) 46... g6 47. Kc2 Kc6 {[#]} 48. Ra8 ({Besser ist} 48. Ra6+ $1 $16 Kd7 49. f3) 48... Rc5 {[#]} (48... Rb8 $1 $11 {hält das Gleichgewicht.} 49. Nxa5+ Kb5 50. c4+ Kc5) 49. Nb2 $1 {Weiß steht deutlich besser.} Kb7 (49... Bb6 $16 {ist wohl besser.} 50. f3 Kd6) 50. Rg8 $18 Bb6 51. Rxg6 Rc7 52. Rf6 ({Jedoch nicht} 52. Rxe6 Bxf2 53. Rxe5 Bd4 $16) 52... Ba7 53. Kb3 {Precision: Weiß = 62%, Schwarz = 51%.} 1-0

[Event "Graz Open 2018"]
[Site "Graz"]
[Date "2018.02.21"]
[Round "7"]
[White "Deac, Bogdan-Daniel"]
[Black "Schnider, Gert"]
[Result "1-0"]
[WhiteElo "2549"]
[BlackElo "2430"]
[Annotator "TA"]
[PlyCount "107"]
[EventDate "2018.??.??"]
[EventType "swiss"]
[EventCountry "AUT"]
[SourceTitle "playchess.com"]
[Source "ChessBase"]
[SourceQuality "1"]

{[%evp 16,106,4,-16,47,46,56,68,63,49,34,32,221,53,62,37,48,33,37,46,39,21,69,53,137,20,124,118,161,133,163,153,148,122,439,445,422,318,364,208,470,110,263,248,269,262,246,245,270,167,144,148,155,142,209,191,213,204,197,205,252,236,241,255,275,241,329,329,313,122,341,328,385,384,433,431,423,417,387,357,591,554,844,844,728,559,12830,3143,29993,12836,29994,29995,29999]} 1. d4 d5 2. Nf3 Nf6 3. Bf4 c5 4. e3 Nc6 5. Nbd2 Qb6 (5... e6 6. c3 cxd4 7. exd4 Nh5 8. Be3 Bd6 9. Bd3 Nf4 10. Bxf4 Bxf4 11. O-O O-O 12. Re1 Bd7 13. Ne5 Nxe5 14. dxe5 g6 {1-0 (104) Vidit,S (2715)-Aronian,L (2805) Riadh 2017}) 6. dxc5 {D02: 1 d4 d5 2 Nf3 sidelines, including 2...Nf6 3 g3 and 2...Nf6 3 Bf4} Qxb2 7. Rb1 Qc3 8. Bb5 e6 9. O-O {LiveBook: 23 Games} Bxc5 (9... Be7 $1 $11) 10. Be5 $14 Qa3 11. Bb2 $146 ({Predecessor:} 11. c4 O-O 12. Bxf6 gxf6 13. cxd5 exd5 {1-0 (41) Pham,L (2351)-Nguyen,V (2238) Ho Chi Minh City 2017}) 11... Qa5 12. Bxf6 gxf6 13. c4 a6 $2 (13... dxc4 $14 14. Qc2 (14. Nxc4 Qc7 $14) (14. Bxc4 Be7 $11) 14... Qc7) 14. Nb3 $2 (14. Bxc6+ $1 $18 bxc6 15. cxd5) 14... Qb6 15. Ba4 ({Much worse is} 15. cxd5 $6 axb5 16. Nxc5 Qxc5 $15) 15... dxc4 16. Nbd4 $1 Qc7 17. Nxc6 $1 bxc6 18. Nd2 Bd7 19. Nxc4 O-O (19... h5 $14) 20. Qg4+ {[%mdl 1024] White has strong compensation.} Kh8 21. Qh4 f5 22. Qf6+ Kg8 23. e4 Qd8 24. Qe5 Be7 $2 {[%mdl 8192]} (24... Qe7 $16) 25. Rfd1 $18 Ra7 {[#]} 26. Bxc6 $1 {[%mdl 512] Threatens to win with Qg3+.} Qc8 (26... Bxc6 27. Rxd8) 27. Rb3 (27. Qg3+ $142 Kh8 28. Qe3 Bxc6 29. Qxa7) 27... f4 $2 (27... Bh4) 28. Rdd3 $2 (28. Qxf4 $18 {is the precise move to win.} Bxc6 29. Rg3+ Kh8 30. Nd6) 28... f6 $2 ({Worse is} 28... Qxc6 29. Rg3+ $1 {[%mdl 512]} fxg3 30. Rxg3+ Bg5 31. Rxg5#) (28... f3 $16) 29. Qd4 ({Wrong is} 29. Qxf4 $2 Bxc6 30. h3 Bb5 $19) 29... Bxc6 30. Qxa7 Bxe4 31. Qxe7 Qxc4 32. Rd1 {Hoping for h4.} Bd5 33. h3 {Threatening mate with Rb7!} Qe4 {[%csl Gd5][%cal Re4g2] [#]} 34. f3 $1 $40 {[%cal Rf3e4][%mdl 128] White wants a kill.} Qe2 (34... Qe5 $16) 35. Rbd3 Rf7 36. Qd8+ Kg7 37. Qd6 Bc4 38. R3d2 Qe3+ 39. Kh2 Bb5 40. Rc1 Kg6 {aiming for ...Rd7.} 41. Rdd1 e5 42. Qd2 $2 (42. Qe6 $18 {is more deadly.}) 42... Qa7 $2 (42... Qxd2 $16 43. Rxd2 Rg7) 43. Qc2+ Kh6 44. a4 {[%cal Ba2a4,Ba4a5][%mdl 32]} Bd7 45. Rd6 Kg7 46. Rb1 Qa8 47. Rbb6 Bc8 $2 (47... a5 48. Ra6 Qf8) 48. Rd8 Qa7 49. a5 Bd7 50. Qc4 Bb5 51. Qc8 Qe7 52. Rg8+ Kh6 53. Qf5 {[%csl Gg8][%cal Rf5g5]} Bc4 54. Qg5# {Precision: White = 66%, Black = 32%.} 1-0

[Event "Graz Open 2018"]
[Site "Graz"]
[Date "2018.02.21"]
[Round "7"]
[White "Hjartarson, Johann"]
[Black "Menezes, Christoph"]
[Result "0-1"]
[WhiteElo "2536"]
[BlackElo "2385"]
[Annotator "TA"]
[PlyCount "80"]
[EventDate "2018.??.??"]
[EventType "swiss"]
[EventCountry "AUT"]
[SourceTitle "playchess.com"]
[Source "ChessBase"]
[SourceQuality "1"]

{[%evp 15,80,0,0,0,0,0,0,0,18,-24,0,0,0,0,7,0,19,0,0,-5,0,-41,-50,-37,-41,-33,-29,-58,-25,-85,-33,-108,-109,-317,-301,-289,-213,-235,-162,-231,-141,-135,-85,-167,-183,-317,-270,-276,-264,-316,-306,-337,-191,-169,-106,-106,-112,-106,-110,-407,-392,-401,-409,-479,-390,-576,-566]} 1. e4 e5 2. Nf3 Nc6 3. Bb5 Nf6 4. d3 Bc5 5. c3 d5 (5... O-O 6. Bxc6 bxc6 7. Nxe5 d5 8. d4 Bb6 9. O-O Nxe4 10. Nxc6 Qd6 11. Nb4 c6 12. Nd2 Bc7 13. g3 Qg6 14. Nf3 Bg4 15. Nh4 Qh5 16. Qc2 Bh3 17. Qd1 Bg4 18. Qc2 Bh3 19. Qd1 {½-½ (19) Wang,H (2711)-Nakamura,H (2781) Caleta 2018}) 6. Qe2 {C65: Ruy Lopez: Berlin Defence (3...Nf6), unusual lines and 4 0-0 Bc5} dxe4 7. dxe4 Qe7 8. O-O O-O {LiveBook: 3 Games} 9. a4 $146 ({Find the theoretical novelty and annotate with similar games:} 9. Nbd2 a5 10. Re1 Nb8 11. Nf1 Ng4 12. Ne3 Nxe3 13. Bxe3 {½-½ (44) Maltsevskaya,A (2276)-Lysyj,I (2618) Khanty-Mansiysk 2017}) 9... a5 10. Na3 Nb8 11. Nc2 Rd8 12. Bg5 {[%cal Bc1g5,Bg5h4,Bh4g3][%mdl 32]} c6 13. Bc4 h6 14. Bh4 Nbd7 15. Rad1 Bd6 16. Bg3 Re8 17. Nh4 Nc5 18. Ne3 Ncxe4 19. Nhf5 Qf8 20. Bh4 Bc5 21. Kh1 g6 22. Ng3 (22. f3 $11 {remains equal.} Ng5 23. Ng3) 22... Ng5 ({Black should try} 22... g5 $17 23. Qf3 Nxg3+ 24. Bxg3 Qg7) 23. Nc2 (23. f3 $1 $15) 23... Be6 $17 24. f4 $2 (24. Bxe6 $17 Rxe6 25. Bxg5 hxg5 26. Kg1) 24... exf4 $1 $19 25. Rxf4 Nd5 26. Rff1 Rad8 27. Nd4 (27. Bxg5 {was necessary.} hxg5 28. Ne4) 27... Bc8 28. Qd3 Kg7 29. Rf2 (29. Ne4 $17 {was called for.}) 29... f5 30. Bb3 (30. Re2 {might work better.}) 30... Ne3 31. Rc1 Ng4 32. Rff1 Qd6 33. h3 Bxd4 (33... Ne3 $142 34. Rg1 Bxd4 35. cxd4 Qxd4 36. Qxd4+ Rxd4 37. Bxg5 hxg5) 34. hxg4 {[#]} Be3 (34... Re3 $1 $19 {[%cal Re3d3]} 35. Qc2 Rxg3 36. Bxg3 Qxg3 37. cxd4 Rxd4) 35. Qxd6 $17 Rxd6 36. Rce1 {[%cal Rg4f5]} f4 $36 {[%mdl 2048] [#] Black is in control.} ({Resist} 36... fxg4 37. Bxg5 hxg5 38. Rf7+ Kh6 39. Nf1) 37. Ne2 $2 {[%mdl 8192]} (37. Rxf4 $1 $17 {[%mdl 512]} Rd2 (37... Bxf4 38. Rxe8) 38. Bxg5 Bxf4 39. Rxe8 hxg5 40. Rg8+ Kh7 41. Ne4 Rxb2 42. g3 Rxb3 43. Rxc8) 37... Bd2 $19 38. Nxf4 Bxe1 39. Bxe1 Ne4 40. Kh2 (40. Ne2 {keeps fighting.}) 40... Bxg4 {Precision: White = 36%, Black = 66%.} 0-1

[Event "Graz Open 2018"]
[Site "Graz"]
[Date "2018.02.21"]
[Round "7"]
[White "Dastan, Muhammed Batuhan"]
[Black "Sebenik, Matej"]
[Result "1/2-1/2"]
[WhiteElo "2520"]
[BlackElo "2557"]
[Annotator "TA"]
[PlyCount "68"]
[EventDate "2018.??.??"]
[EventType "swiss"]
[EventCountry "AUT"]
[SourceTitle "playchess.com"]
[Source "ChessBase"]
[SourceQuality "1"]

{[%evp 24,68,0,-52,-5,-12,-14,-23,-14,-35,-12,-24,-31,-38,0,0,98,-6,0,-37,0,0,11,-18,-10,-12,-11,-8,0,0,0,0,0,0,0,0,0,-8,-8,-6,0,0,0,0,0,0,0]} 1. Nf3 Nf6 2. g3 d5 3. Bg2 e6 4. O-O Be7 5. d3 O-O 6. Nbd2 {[%cal Bb1d2,Bd2f1,Bf1h2,Bh2g4][%mdl 32]} a5 7. e4 a4 8. a3 c5 9. e5 Nfd7 10. Re1 Nc6 11. Nf1 b5 12. h4 b4 {C00: French: Unusual White 2nd moves} (12... Qc7 13. Bf4 Nd4 14. Nxd4 cxd4 15. Nh2 Bb7 16. h5 b4 17. axb4 Bxb4 18. Rf1 Nxe5 19. h6 g6 20. c3 {1-0 (38) Naiditsch,A (2687)-Lalith,B (2587) Doha 2016}) 13. h5 {LiveBook: 3 Games} (13. axb4 $11 cxb4 14. Ne3) 13... bxa3 14. bxa3 h6 15. N1h2 Rb8 $146 ({Predecessor:} 15... Ba6 16. Ng4 Re8 17. Bf4 Rc8 18. Qd2 Nd4 19. Bxh6 gxh6 20. Nxh6+ {0-1 (46) Slavinsky,P (2068)-Simonian,T (2406) Moscow 2014}) 16. Bf4 Re8 17. Ng4 Bf8 18. Qc1 Kh7 19. c4 Na5 {[#]} (19... dxc4 $11 {remains equal.} 20. Qxc4 Kg8) 20. Qc2 (20. Bxh6 $1 $16 gxh6 21. Qf4) 20... Nb3 $11 21. d4+ Kh8 22. Rad1 {Hoping for cxd5.The position is equal.} Bb7 23. dxc5 Rc8 24. Nd2 Rxc5 25. Qb1 Qa8 26. Nxb3 axb3 27. cxd5 $40 {[%mdl 128] White attacks.} Bxd5 28. Bxd5 Rxd5 29. Qxb3 Nc5 (29... Rb8 {seems wilder.} 30. Qe3 Rxd1 31. Rxd1 Nb6 32. Rb1 Nd5) 30. Qe3 Red8 {[%cal Be8d8,Bd8d5,Bd5a5][%mdl 32]} 31. Rxd5 Rxd5 32. Qf3 Nd3 33. Re3 Nxf4 34. gxf4 Ra5 {Precision: White = 51%, Black = 47%.} 1/2-1/2

[Event "Graz Open 2018"]
[Site "Graz"]
[Date "2018.02.21"]
[Round "7"]
[White "Kanmazalp, Ogulcan"]
[Black "Socko, Bartosz"]
[Result "0-1"]
[WhiteElo "2477"]
[BlackElo "2593"]
[Annotator "TA"]
[PlyCount "130"]
[EventDate "2018.??.??"]
[EventType "swiss"]
[EventCountry "AUT"]
[SourceTitle "playchess.com"]
[Source "ChessBase"]
[SourceQuality "1"]

{[%evp 27,130,22,18,21,25,-4,-2,-16,0,0,8,0,11,-4,-6,-15,-15,-14,-7,-12,-24,-71,-68,-69,-81,-85,-85,-84,-84,-84,-88,-98,-98,-97,-98,-98,-97,-100,-99,-97,-92,-299,-293,-273,-220,-196,-196,-791,-768,-702,-744,-802,-766,-1771,-1720,-1552,-1203,-1759,-1041,-939,0,0,0,0,0,0,0,0,0,0,0,-1216,-1170,-29946,-29954,-29951,-29947,-29951,-10595,-12797,-12799,-12794,-12789,-12512,-12512,-11854,-5065,-751,-927,-12789,-7016,-5065,-812,-670,-686,-650,-617,-552,-558,-532,-470,-445,-427,-418,-363]} 1. e4 c6 2. d4 d5 3. Nc3 dxe4 4. Nxe4 Bf5 5. Ng3 Bg6 6. h4 h6 7. Nf3 e6 8. Ne5 Bh7 9. Bd3 Bxd3 10. Qxd3 Nd7 {B19: Classical Caro-Kann: 4...Bf5 main line} 11. Bf4 (11. f4 Be7 12. Bd2 Nxe5 13. fxe5 Bxh4 14. O-O-O Bxg3 15. Qxg3 Ne7 16. Qxg7 Rg8 17. Qf6 Nf5 18. Bxh6 Qxf6 19. exf6 {½-½ (32) Hou,Y (2680)-Karjakin,S (2753) Wijk aan Zee 2018}) 11... Nxe5 12. Bxe5 Qa5+ 13. c3 Nf6 14. O-O Be7 {LiveBook: 4 Games} 15. Rfe1 O-O 16. Nf1 $146 ({Predecessor:} 16. a4 Qd8 17. h5 a5 18. Rad1 {½-½ (40) Kantans,T (2482)-Chigaev,M (2550) Riga 2016}) 16... Nd7 17. Bg3 Rad8 18. Qf3 Nf6 19. Ne3 Rfe8 20. Ng4 Qd5 21. Nxf6+ Bxf6 22. Qe2 c5 23. dxc5 Qxc5 24. Be5 Bxh4 25. Bd4 Qc7 $1 26. Be5 {[#]} Qe7 $1 27. Rad1 Bf6 28. Bxf6 Qxf6 29. Rxd8 Rxd8 30. Rd1 Rxd1+ 31. Qxd1 $17 {[%mdl 4096] Endgame KQ-KQ} Qe5 32. g3 g6 (32... f6 {is more complex.} 33. Qd8+ Kh7 34. Qd3+ Qf5 35. Qc4 Qd5) 33. Qd2 Qg5 (33... h5 {keeps more tension.} 34. c4 a6 35. b3 Kg7 36. Qb4 Qc7) 34. Qxg5 $2 (34. Qd6 $17) 34... hxg5 {KP-KP} 35. Kf1 Kg7 36. Ke2 Kf6 37. c4 $2 (37. a4) 37... Ke5 $19 38. Kd3 g4 39. b4 f5 40. Ke3 g5 41. Kd3 a6 42. a3 f4 43. a4 Kf5 $2 ({Black should play} 43... b6 $19 {aiming for ...Kd6.} 44. b5 a5) 44. c5 $11 e5 {[%cal Be6e5,Be5e4][%mdl 32] And now ...e4+ would win.} 45. b5 e4+ 46. Kd2 $1 axb5 $1 47. c6 $1 {[%cal Rc6b7]} bxc6 48. a5 {[#]} e3+ $1 49. fxe3 $2 {[%mdl 8192]} (49. Ke2 $11 b4 50. a6) 49... fxg3 $19 {( -> ...g2)} 50. Ke2 g2 51. Kf2 b4 52. a6 {[#]} b3 (52... g1=Q+ $142 $1 53. Kxg1 b3 54. a7 b2 55. Kf2 b1=Q 56. a8=Q Qb2+ 57. Kg3 Qe5+ 58. Kf2 Qh2+ 59. Ke1 Qh1+ 60. Kd2 Qd5+ 61. Ke2 g3 62. Qc8+ Kg6 63. Qe8+ Kg7 64. Qe7+ Kh6 65. Ke1 Kh5 66. e4 Qb5 67. Qh7+ Kg4 68. Qd7+ Kf4 69. Qd2+ Kxe4 70. Qg2+ Kf4 71. Qd2+ Kf3 72. Qd3+ Kg2 73. Qe4+ Kh2 74. Qc2+ g2 75. Qh7+ Kg1 76. Qg6 Qe5+ 77. Kd1 Qd4+ 78. Kc2 Kf1 79. Qxg5 g1=Q 80. Qc1+ Ke2 81. Qxg1 Qxg1 82. Kc3 Qc5+ 83. Kb2 Kd3 84. Kb1 Qb6+ 85. Ka2 Kc3 86. Ka3 Qb3#) 53. a7 b2 54. a8=Q g1=Q+ $1 55. Kxg1 b1=Q+ {KQ-KQ} 56. Kf2 Qb2+ 57. Kg3 Qe5+ 58. Kg2 Qe4+ 59. Kh2 g3+ (59... Qxe3 $142 60. Qc8+ Kf4 61. Qf8+ Ke4) 60. Kxg3 Qxe3+ 61. Kg2 Qd2+ 62. Kg3 Qd6+ 63. Kg2 Qd5+ 64. Kf2 Qe6 65. Qa5+ Kg6 {Precision: White = 44%, Black = 66%.} 0-1

[Event "Graz Open 2018"]
[Site "Graz"]
[Date "2018.02.21"]
[Round "7"]
[White "Gazik, Viktor"]
[Black "Huber, Martin Christian"]
[Result "1-0"]
[WhiteElo "2473"]
[BlackElo "2364"]
[Annotator "TA"]
[PlyCount "71"]
[EventDate "2018.??.??"]
[EventType "swiss"]
[EventCountry "AUT"]
[SourceTitle "playchess.com"]
[Source "ChessBase"]
[SourceQuality "1"]

{[%evp 14,71,0,0,0,-3,0,-7,0,-9,-12,-26,65,-25,-3,-17,-6,-18,84,80,87,56,47,55,38,39,176,185,168,175,171,75,61,46,100,83,87,89,87,85,112,97,100,100,132,102,102,104,122,100,355,364,636,627,787,786,1023,1014,965,959]} 1. g3 g6 2. Bg2 Bg7 3. Nf3 d5 4. O-O Nf6 5. d3 O-O 6. Nbd2 d4 7. a4 c5 8. Nc4 {LiveBook: 4 Partien. A07: Barcza-System (Königsfianchetto mit möglichen Übergängen in andere Systeme)} Nd5 (8... Be6 9. e3 Nc6 10. Re1 Bd5 11. Qe2 Re8 12. e4 Bxc4 13. dxc4 Nd7 14. Bf4 e5 {½-½ (47) Demchenko,A (2546)-Yu,Y (2607) Moscow 2011}) 9. Bd2 Nc6 10. Rc1 $146 {Die Stellung ist ausgeglichen.} ({Vorgänger:} 10. Qc1 e5 11. Bh6 f6 12. Bxg7 Kxg7 {0-1 (41) Camarena,J-Fine,R Hollywood,CA 1945}) 10... e5 11. c3 h6 12. Qb3 Nc7 (12... Re8 $11) 13. Qa3 (13. cxd4 $14 cxd4 14. e3) 13... Re8 $11 14. b4 dxc3 15. Bxc3 Nd5 (15... b5 $11 {hält das Gleichgewicht.} 16. Nfxe5 Nxe5 17. Nxe5 Bxe5 18. Bxe5 Rxe5 19. Bxa8 Nxa8) 16. bxc5 $16 e4 17. Bxg7 exf3 18. Bxf3 Kxg7 19. Nd6 Re5 {[#]} (19... Be6 $14) 20. Qb2 $1 $18 {Droht Lxd5 und aus.} ({Schlechter ist} 20. Bxd5 Rxd5 21. Rc4 Be6 $17) 20... Kg8 21. d4 $36 {[%mdl 2048] Schwarz steht unter starkem Druck.} Rf5 22. Nxf5 (22. Bg2 $18 {und Weiss behält klar die Oberhand. Droht stark e4.} Rh5 23. Bf3) 22... gxf5 $16 23. Rfe1 Ncb4 (23... Rb8 $14) 24. a5 Qxa5 {[#]} 25. Qd2 $1 Qd8 26. Qxh6 Qf6 27. Qd2 Bd7 28. Ra1 {[%cal Bc1a1,Ba1a3,Ba3f3][%mdl 32]} a5 29. Ra3 Bc6 30. e4 fxe4 31. Rxe4 Bd7 $2 {[%mdl 8192]} (31... Re8 $16) 32. Re5 $18 Be6 $2 (32... Bc6 33. Be4 Re8) 33. Be4 {Weiß steht klar auf Gewinn.} Rd8 34. Rf3 Qe7 35. Qh6 {Droht Matt per Dh7+.} f6 {[#]} 36. Bf5 $1 {[%mdl 512] Precision: Weiß = 59%, Schwarz = 40%.} 1-0

[Event "Graz Open 2018"]
[Site "Graz"]
[Date "2018.02.21"]
[Round "7"]
[White "Baumegger, Siegfried"]
[Black "Tomczak, Mikolaj"]
[Result "1/2-1/2"]
[WhiteElo "2450"]
[BlackElo "2383"]
[Annotator "TA"]
[PlyCount "55"]
[EventDate "2018.??.??"]
[EventType "swiss"]
[EventCountry "AUT"]
[SourceTitle "playchess.com"]
[Source "ChessBase"]
[SourceQuality "1"]

{[%evp 13,55,20,29,23,28,23,33,22,18,12,20,19,20,21,25,9,79,71,68,58,76,37,39,36,37,29,34,35,39,33,56,36,34,47,53,44,47,0,55,60,34,2,8,0]} 1. e4 e5 2. Nf3 Nc6 3. Bb5 a6 4. Ba4 Nf6 5. d3 d6 6. c3 g6 7. O-O Bg7 8. Be3 {C77: Ruy Lopez: 3...a6 4 Ba4 Nf6, unusual lines} (8. h3 O-O 9. Be3 Qe7 10. Nbd2 Nd8 11. Re1 Ne6 12. Ng5 Bd7 13. Bxd7 Nxd7 14. Nxe6 Qxe6 15. Qb3 Qxb3 16. axb3 f5 17. f3 Nf6 18. b4 Rfe8 19. Nb3 c6 20. g4 {½-½ (20) Alekseev,E (2616)-Ivanchuk,V (2726) Riadh 2017}) 8... O-O 9. Nbd2 Bd7 10. b4 {White is slightly better.} h6 $146 ({Predecessor:} 10... b5 11. Bb3 a5 12. a3 axb4 13. cxb4 Re8 14. Bg5 Be6 {1-0 (28) Castellano,A (1350)-Gomez,A (1206) LSS email 2008}) 11. h3 Re8 12. Bb3 Be6 13. Bxe6 Rxe6 14. Nb3 b5 (14... b6 $11) 15. a4 $16 Re8 16. Qd2 Kh7 17. axb5 axb5 18. Rxa8 Qxa8 19. Ra1 Qc8 20. Qc2 Qd7 21. Ra6 Kg8 22. Qd2 Kh7 23. Qa2 Rb8 24. Nfd2 Nd8 25. Ra8 Qc8 ({Black should play} 25... Rxa8 $11 26. Qxa8 Ne6) 26. Rxb8 $14 Qxb8 27. Na5 Qa8 28. Qc2 {Precision: White = 35%, Black = 54%.} 1/2-1/2

[Event "Graz Open 2018"]
[Site "Graz"]
[Date "2018.02.21"]
[Round "7"]
[White "Gumularz, Szymon"]
[Black "Nalbant, Tuna Onat"]
[Result "1-0"]
[WhiteElo "2450"]
[BlackElo "2119"]
[Annotator "TA"]
[PlyCount "75"]
[EventDate "2018.??.??"]
[EventType "swiss"]
[EventCountry "AUT"]
[SourceTitle "playchess.com"]
[Source "ChessBase"]
[SourceQuality "1"]

{[%evp 10,75,68,44,66,70,83,77,89,83,97,98,102,96,108,109,324,321,335,334,321,308,290,202,195,189,219,233,225,206,320,335,316,308,251,228,247,230,236,250,230,224,313,253,228,160,368,347,338,280,564,564,527,527,520,506,589,579,657,635,1830,1729,4827,4827,4822,4822,4786,4722]} 1. c4 Nf6 2. Nc3 e6 3. e4 d6 4. d4 {[%cal Bd2d4,Bd4d5][%mdl 32]} Be7 5. Nf3 O-O 6. Be2 c5 {A18: English Opening: Flohr-Mikenas System (1 c4 Nf6 2 Nc3 e6 3 e4)} (6... Nbd7 7. O-O c5 8. Re1 cxd4 9. Nxd4 Nc5 10. f3 a6 11. Be3 Re8 12. Bf2 e5 13. Nc2 Ne6 14. Bf1 {1-0 (46) Grischuk,A (2720)-Mokry,K (2459) Mainz 2005}) 7. d5 e5 8. O-O Ne8 {White is better.} 9. a3 f5 10. exf5 Bxf5 11. Be3 $146 ({Predecessor:} 11. Bd3 Nd7 12. Bxf5 Rxf5 13. Ne4 Nf8 14. Be3 Nc7 15. b4 {1-0 (45) Rubio Mejia,L (2433)-Vazquez Torres,A (2148) Madrid 2011}) 11... Nf6 12. Ng5 Ng4 $2 {[#]} (12... h6 $16) 13. Bxg4 $18 Bxg5 14. Bxf5 Rxf5 15. Qg4 g6 16. Ne4 Be7 17. b4 b6 18. bxc5 bxc5 19. Rab1 Nd7 {[#]} (19... Qc7 $142 20. f4 Nd7) 20. Ng3 $1 {[%cal Rg3f5]} ({Don't do} 20. Rb7 $6 Nf6 $18) 20... Rf7 21. Rb7 Nf8 22. Ne4 Rb8 23. Rfb1 ({Don't take} 23. Rxa7 $6 Qb6 $16) 23... Rxb7 24. Rxb7 Qa8 25. Rb3 Rf5 26. Ng3 Rf7 27. h4 Kh8 $2 (27... h5 $16 {was called for.} 28. Qd1 Qc8) 28. Bh6 Qd8 29. Rb7 Qa8 $2 (29... Kg8 {is a better defense.} 30. h5 Bf6 31. Rxf7 Kxf7) 30. Rc7 {White is clearly winning.} Qb8 31. Qc8 Qxc8 32. Rxc8 Kg8 33. Ne4 Bxh4 34. Nxd6 Rxf2 35. g3 Be7 36. Kxf2 Bxd6 37. Bxf8 Bxf8 38. d6 {Precision: White = 86%, Black = 27%.} 1-0